| 000 | 00820nam a22002057a 4500 | ||
|---|---|---|---|
| 005 | 20240517153613.0 | ||
| 010 | _aHIN-127620 | ||
| 020 |
_a9789394928695 _c1000.00 |
||
| 035 | _aHN-99966 | ||
| 037 | _bDBAD | ||
| 082 |
_a158.1 _21 |
||
| 100 |
_aश्रीचंदानी, सुरेश कुमार _966393 |
||
| 245 |
_aसंघर्षशील बनना/ _cसुरेश कुमार श्रीचंदानी |
||
| 250 | _aप्रथम | ||
| 260 |
_aअजमेर _bपद्म्कान्ता प्रकाशन _c2021 |
||
| 270 |
_a403/16, ठठेरा चौक _bअजमेर _e305001 |
||
| 300 |
_a106पृ. _c22 सेमी.(अजिल्द) |
||
| 650 |
_aहिन्दी _966394 |
||
| 942 |
_2ddc _cHN _h158.1 _mश्रीचंद |
||
| 999 |
_c202976 _d202976 |
||